00795cam a22002531 4500001001300000003000400013005001700017008004100034010001700075035001900092040002600111042001200137050001900149082001000168100005100178245005900229260004900288300001800337410008700355504002800442650002600470650002800496999001700524med48000110 DLC20260227111609.0801022s1947 dcu b f000 0 eng  amed48000110  a(OCoLC)6851235 aDLCcKWiUdOCoLCdDLC apremarc00aRA1231.T45bH4 a615.91 aHeyroth, Francis F.q(Francis Farnham),d1894-00aThallium,ba review and summary of medical literature. a[Washington,bU.S. Govt. Print. Off.,c1947] a23 p.c23 cm.10aUnited States.bPublic Health Service.tPublic health reports. Supplementvno. 197 a"References": p. 17-23. 0aThalliumxToxicology. 0aThalliumvBibliography. c38851d38851